Dirección estratégica de recursos humanos (Registro nro. 2408)

Detalles MARC
000 -LEADER
fixed length control field 01148 a2200241 4500
001 - CONTROL NUMBER
control field 33964
005 - DATE AND TIME OF LATEST TRANSACTION
control field 20260407155629.0
008 - FIXED-LENGTH DATA ELEMENTS--GENERAL INFORMATION
fixed length control field 260407a2015 arg spa d
003 - CONTROL NUMBER IDENTIFIER
control field AR-UNSa-BCEJYS
040 ## - CATALOGING SOURCE
Original cataloging agency AR-UNSa-BCEJYS
Language of cataloging spa
Transcribing agency AR-UNSa-BCEJYS
080 ## - UNIVERSAL DECIMAL CLASSIFICATION NUMBER
Universal Decimal Classification number 658.310.8
Common auxiliary subdivision Gestión y administración de personal
020 ## - INTERNATIONAL STANDARD BOOK NUMBER
International Standard Book Number 978-950-641-849-6
041 ## - LANGUAGE CODE
Language code of text/sound track or separate title spa
100 1# - MAIN ENTRY--PERSONAL NAME
Personal name Alles, Martha Alicia
245 10 - TITLE STATEMENT
Title Dirección estratégica de recursos humanos
Name of part/section of a work gestión por competencias
250 ## - EDITION STATEMENT
Edition statement 3a. ed
264 #1 - PRODUCTION, PUBLICATION, DISTRIBUTION, MANUFACTURE, AND COPYRIGHT NOTICE
Place of production, publication, distribution, manufacture Buenos Aires :
Name of producer, publisher, distributor, manufacturer Granica
Date of production, publication, distribution, manufacture, or copyright notice 2015
300 ## - PHYSICAL DESCRIPTION
Extent 451 p.
Dimensions 23 cm
505 ## - FORMATTED CONTENTS NOTE
Formatted contents note 1. Dirección estratégica de recursos humanos - 2. Gestión por competencias 3. Análisis y descripción de puestos - 4. Atracción, selección e incorporación de los mejores candidatos - 5. Formación - 6. Evaluación de desempeño - 7. Desarrollo y planes de sucesión. La función de desarrollo en el área de recursos humanos - 8. Remuneraciones y beneficios.
590 ## - LOCAL NOTE (RLIN)
Local note niveau_biblio:m niveau_hierar:0
856 41 - ELECTRONIC LOCATION AND ACCESS
Uniform Resource Identifier <a href="https://biblioeco.unsa.edu.ar/pmb/images/libros/direccion_estrategica.jpg">https://biblioeco.unsa.edu.ar/pmb/images/libros/direccion_estrategica.jpg</a>
Link text Imagen de portada
Electronic format type image/jpeg
942 ## - ADDED ENTRY ELEMENTS (KOHA)
Koha item type
Existencias
Withdrawn status Lost status Damaged status Not for loan Home library Current library Shelving location Date acquired Total checkouts Full call number Barcode Date last seen Price effective from Koha item type
        Biblioteca Prof. Eusebio Cleto del Rey Biblioteca Prof. Eusebio Cleto del Rey   07/04/2026   658.310.8 A422 v.1 3ed. L125396 07/04/2026 07/04/2026 Libro
        Biblioteca Prof. Eusebio Cleto del Rey Biblioteca Prof. Eusebio Cleto del Rey   07/04/2026   658.310.8 A422 v.1 3ed. L125397 07/04/2026 07/04/2026 Libro
        Biblioteca Prof. Eusebio Cleto del Rey Biblioteca Prof. Eusebio Cleto del Rey   07/04/2026   658.310.8 A422 v.1 3ed. L125398 07/04/2026 07/04/2026 Libro
        Biblioteca Prof. Eusebio Cleto del Rey Biblioteca Prof. Eusebio Cleto del Rey   07/04/2026   658.310.8 A422 v.1 3ed. L126159 07/04/2026 07/04/2026 Libro
        Biblioteca Prof. Eusebio Cleto del Rey Biblioteca Prof. Eusebio Cleto del Rey   07/04/2026   658.310.8 A422 v.1 3ed. L126160 07/04/2026 07/04/2026 Libro
        Biblioteca Prof. Eusebio Cleto del Rey Biblioteca Prof. Eusebio Cleto del Rey   07/04/2026   658.310.8 A422 v.1 3ed. L126161 07/04/2026 07/04/2026 Libro